000
00424nam a2200181Ia 4500
008
100920s9999 xx 000 0 und d
082
_b
6617
_a
491.462 थ 57
100
_a
---
245
_a
ईर्षा.
260
_b
---
_c
1957
300
_a
71
_b
साधी
365
_b
0
520
_a
नाटक.
630
_a
ईर्षा.
650
_a
नाटक.
730
_a
ईर्षा.
942
_c
BOOK
999
_c
674974
_d
674971